(Khmer) God's great plan: (Record no. 49828)
| 000 -LEADER | |
|---|---|
| fixed length control field | 00375nam a2200121 4500 |
| 020 ## - INTERNATIONAL STANDARD BOOK NUMBER | |
| International Standard Book Number | 9789924300427 |
| 100 ## - MAIN ENTRY--PERSONAL NAME | |
| Personal name | Mazalli, Gustavo. |
| 9 (RLIN) | 86966 |
| 245 ## - TITLE STATEMENT | |
| Title | (Khmer) God's great plan: |
| Remainder of title | amazing bible stories / |
| Statement of responsibility, etc | Gustavo Mazalli. |
| 260 ## - PUBLICATION, DISTRIBUTION, ETC. (IMPRINT) | |
| Place of publication, distribution, etc | Cambodia: |
| Name of publisher, distributor, etc | The Bible Society; |
| Date of publication, distribution, etc | 2019. |
| 300 ## - PHYSICAL DESCRIPTION | |
| Extent | unpaged. |
| Other physical details | col. ill. |
| Dimensions | 22 cm. |
| 650 ## - SUBJECT ADDED ENTRY--TOPICAL TERM | |
| Topical term or geographic name as entry element | Bible stories. |
| 942 ## - ADDED ENTRY ELEMENTS (KOHA) | |
| Source of classification or shelving scheme | |
| Koha item type | Khmer NON FIC Books |
| Withdrawn status | Lost status | Source of classification or shelving scheme | Damaged status | Not for loan | Collection code | Home library | Current library | Shelving location | Date acquired | Full call number | Barcode | Date last seen | Price effective from | Koha item type |
|---|---|---|---|---|---|---|---|---|---|---|---|---|---|---|
| Siem Riep | Asian Hope Secondary Library | Asian Hope Secondary Library | 12/03/2025 | KHMER 220.9505 MAZ | 208821 | 01/16/2026 | 12/03/2025 | Khmer NON FIC Books |